| 000 | 00000nam##2200000za#4500 |
| 001 | 9.581052 |
| 003 | CaOODSP |
| 005 | 20210624191332 |
| 007 | cr ||||||||||| |
| 008 | 150406|2009||||xxc|||||o f|0| 0 eng|d |
| 022 | |a1701-1280 |
| 040 | |aCaOODSP|beng |
| 043 | |an-cn--- |
| 086 | 1 |aFs70-4/2009-038E-PDF |
| 110 | 1 |aCanada. |bDepartment of Fisheries and Oceans. |
| 245 | 10|aResults of a peer review workshop on the draft report “Canada's Policy for Conservation of Wild Pacific Salmon: Proposed Stream, Lake, and Estuarine Habitat Indicators” : |h[electronic resource]|b15-16 January 2009, British Columbia Institute of Technology, 555 Seymour Street, Vancouver, British Columbia, Canada / |cDavid Marmorek and Marc Porter. |
| 260 | |aVancouver - British Columbia : |bFisheries and Oceans Canada |cDecember 2009. |
| 300 | |a59p.|breferences |
| 490 | 1 |aCanadian Science Advisory Secretariat proceedings series|x1701-1280|v2009/038 |
| 590 | |a14-20-Supp|b2014-11-25 |
| 830 | #0|aProceedings series (Canadian Science Advisory Secretariat)|x1701-1280|v2009/038|w(CaOODSP)9.506483 |
| 856 | 40|ahttp://publications.gc.ca|qPDF|s282 KB|uhttps://publications.gc.ca/collections/collection_2014/mpo-dfo/Fs70-4-2009-038-eng.pdf|y2009/038 |